000
00279nam a2200097Ia 4500
008
220204s9999 xx 000 0 und d
082
_a
677.21(540)
_b
HAN
245
0
_a
Handbook of the Indian cotton textile industry. 1969
260
_a
Bombay
_b
Cotton Textiles EPC
_c
1969
942
_c
BK
999
_c
21540
_d
21540